[Event "Foment Martinenc op-B 20th"]
[Site "Barcelona"]
[Date "2018.05.26"]
[Round "6"]
[White "Roque Perello, Oriol"]
[Black "Alvarez Albiol, Daniel"]
[Result "0-1"]
[WhiteElo "1493"]
[BlackElo "1681"]
[PlyCount "113"]
[EventDate "2018.04.21"]
[EventType "swiss"]
[EventRounds "9"]
[EventCountry "ESP"]
[SourceTitle "CBM 184 Extra"]
[Source "ChessBase"]
[SourceDate "2018.06.28"]
[SourceVersion "1"]
[SourceVersionDate "2018.06.28"]
[SourceQuality "1"]

1. e4 c5 2. Nf3 e6 3. d4 cxd4 4. Nxd4 Nf6 5. Bd3 Be7 6. c4 0-0 7. 0-0 Nc6 8. Nxc6 dxc6 9. e5 Nd7 10. Qh5 g6 11. Qe2 Re8 12. Rd1 Qc7 13. Bf4 Bf8 14. h4 Bg7 15. Re1 f6 16. exf6 Qxf4 17. fxg7 Qxh4 18. Nd2 Kxg7 19. Nf3 Qf6 20. b3 Nc5 21. Bc2 Re7 22. b4 Na6 23. a3 Bd7 24. Ne5 Rae8 25. Rad1 Bc8 26. Rd6 Nc7 27. Qe3 a6 28. Red1 Rf8 29. Ng4 Qf4 30. Qxf4 Rxf4 31. Rd8 Rxg4 32. Bb3 Re8 33. Rxe8 Nxe8 34. Rd8 Kf7 35. Rxc8 Ke7 36. Rb8 Nc7 37. Rxb7 Kd7 38. Rb8 Rf4 39. Ra8 Rf7 40. Ba4 e5 41. Rb8 Rf6 42. b5 axb5 43. cxb5 cxb5 44. Bxb5+ Nxb5 45. Rxb5 Ra6 46. Rb7+ Ke6 47. Rxh7 Rxa3 48. Rg7 Kf6 49. Rb7 Ra6 50. Rb4 Kf5 51. Rb2 g5 52. Kf1 Ra3 53. Ke2 Kf4 54. Rd2 Ke4 55. Rb2 Ra4 56. Rc2 Kf4 57. Rd2 0-1